Estudio de servicios básicos en 18 cantones. Perfiles comunales. Valverde Vega /
Đã lưu trong:
| Nhiều tác giả của công ty: | , |
|---|---|
| Định dạng: | Texto |
| Ngôn ngữ: | Spanish |
| Được phát hành: |
San José :
IFAM. AITEC
|
| Những chủ đề: | |
| Các nhãn: |
Thêm thẻ
Không có thẻ, Là người đầu tiên thẻ bản ghi này!
|
MARC
| LEADER | 00000 a a2200000 04500 | ||
|---|---|---|---|
| 001 | 16921 | ||
| 003 | cru CIDCACS/IIS | ||
| 005 | 20230920134229.0 | ||
| 008 | 170323b xxu||||| |||| 00| 0 spa d | ||
| 040 | |c cru CIDCACS/IIS |a cru CIDCACS/IIS | ||
| 090 | |a 04.03.06 I59v | ||
| 110 | |a Instituto de Fomento y Asesoría Municipal [Costa Rica] | ||
| 245 | |a Estudio de servicios básicos en 18 cantones. Perfiles comunales. Valverde Vega / |c Instituto de Fomento y Asesoría Municipal [Costa Rica] | ||
| 260 | |a San José : |b IFAM. AITEC | ||
| 300 | |a 29 p. | ||
| 650 | |a CREDITO | ||
| 650 | |a EDUCACION | ||
| 650 | |a ESTADISTICAS DEMOGRAFICAS | ||
| 650 | |a PROBLEMAS SOCIALES | ||
| 650 | |a SERVICIOS DE LA COMUNDAD | ||
| 650 | |a SERVICIOS DE SALUD | ||
| 650 | |a VIVIENDA | ||
| 650 | |a ECONOMIA | ||
| 650 | |a LIDERAZGO | ||
| 650 | |a INFRAESTRUCTURA FISICA | ||
| 651 | |a COSTA RICA | ||
| 651 | |a ALAJUELA | ||
| 651 | |a VALVERDE VEGA | ||
| 710 | |a Acción Internacional Técnica, División de Acción Internacional | ||
| 852 | 1 | 1 | |a 04.03.06 I59v |
| 942 | |2 z |c LI |h 04.03.06 I59v |i 06481 |6 040306_I59V_06481 | ||
| 999 | |c 16842 |d 16842 | ||
